000 00943nam a22002897a 4500
003 URS
005 20260408085535.0
008 260318b |||||||| |||| 00| 0 eng d
020 _a978-0-44326-133-6
040 _bEnglish
_erda
_cURS
050 0 0 _aQR46
_b.M961 2026
100 1 _aMurray, Patrick R.,
_eauthor.
245 1 0 _aMedical microbiology /
_cPatrick R. Murray, Ken S. Rosenthal, Michael A. Pfaller.
250 _aTenth edition.
264 1 _aPhiladelphia, PA :
_bElsevier,
_c©2026.
300 _axi, 882 pages :
_bcolor illustrations ;
_c28 cm.
336 _atext
_btxt
_2rdacontent
337 _aunmediated
_bn
_2rdamedia
338 _avolume
_bnc
_2rdacarrier
504 _aIncludes bibliographical references and index.
650 0 _aMicrobiology.
650 0 _aMedical microbiology.
650 0 _aParasitology.
_96747
700 _aRosenthal, Ken S.,
_eauthor.
700 _aPfaller, Michael A.,
_eauthor.
942 _2lcc
_cR
999 _c99108
_d99105